|
|
|
|
| LEADER |
01127nam a2200241 a 4500 |
| 001 |
423983 |
| 008 |
100110s1978 bg s 000 0 eng d |
| 999 |
|
|
|c 6820
|d 6820
|
| 010 |
|
|
|a 80902318
|
| 040 |
|
|
|a DLC
|c DLC
|d DLC
|d BD-DhAAL
|
| 082 |
0 |
0 |
|a 304.632095492
|2 19
|
| 245 |
0 |
0 |
|a Bangladesh fertility survey, 1975-1976 :
|b first report.
|
| 260 |
|
|
|a Dacca :
|b Ministry of Health and Population Control, Population Control and Family Planning Division, Govt. of the People's Republic of Bangladesh,
|c 1978-
|
| 300 |
|
|
|a v. <1 > ;
|c 29 cm.
|
| 500 |
|
|
|a At head of title: World Fertility Survey.
|
| 541 |
1 |
|
|e 00012652
|
| 650 |
|
0 |
|a Fertility, Human
|z Bangladesh
|x Statistics.
|9 32603
|
| 650 |
|
0 |
|a Demographic surveys
|z Bangladesh.
|9 32604
|
| 710 |
1 |
|
|a Bangladesh.
|b Janasaṃkhyā Niẏantraṇa o Paribāra Parikalpanā Bibhāga.
|9 32605
|
| 710 |
2 |
|
|a World Fertility Survey.
|9 32606
|
| 852 |
4 |
|
|a Ayesha Abed Library
|j General shelf
|
| 942 |
|
|
|2 ddc
|c BK
|
| 952 |
|
|
|0 0
|1 0
|2 ddc
|4 0
|6 304_632095492000000_BAN
|7 0
|9 7022
|a BRACUL
|b BRACUL
|c GEN
|d 2010-01-10
|l 0
|o 304.632095492 BAN
|p 3010012652
|r 2010-01-10
|t 1
|w 2010-01-10
|y BK
|x Price not available in Register
|